000 00635nam a2200277Ia 4500
005 20260324121303.0
008 008 260324s9999 xx 000 0 eng d
020 _a9781315765037
037 _aEBOOK
040 _aCRL
040 _beng
040 _cCRL
041 _2eng
041 _aeng
084 _qCRL
100 _aNicole Detraz
_91161923
245 0 _aEnvironmental Security and Gender
260 _bTaylor and Francis
260 _c2014
365 _a
365 _b230
856 _uhttp://www.taylorfrancis.com/books/9781315765037
942 _cEBOOK
999 _c1753934
_d1753934